[Event "GER-ch Net blitz qual2"]
[Site "Playchess.com INT"]
[Date "2021.05.04"]
[Round "4"]
[White "Darwiesh, Willi"]
[Black "Leonforte, Aurelius"]
[Result "0-1"]
[WhiteElo "1632"]
[BlackElo "1618"]
[PlyCount "74"]
[EventDate "2021.05.04"]
[EventType "swiss (blitz)"]
[EventRounds "11"]
[EventCountry "GER"]
[SourceTitle "CBM 202 Extra"]
[Source "ChessBase"]
[SourceDate "2021.07.31"]
[SourceVersion "1"]
[SourceVersionDate "2021.07.31"]
[SourceQuality "1"]

1. e4 e6 2. d4 d5 3. Nc3 c5 4. exd5 exd5 5. dxc5 d4 6. Ne4 Nf6 7. Bg5 Be7 8. Nxf6+ Bxf6 9. Qe2+ Be6 10. Nf3 Bxg5 11. Nxg5 Qxg5 12. Qb5+ Nd7 13. Qxb7 0-0 14. Bd3 Qxc5 15. Qe4 Nf6 16. Qf3 Bd5 17. Qg3 Rfe8+ 18. Kf1 Ne4 19. Qf4 Qd6 20. Qh4 Qf6 21. Qxf6 Nxf6 22. f3 Re6 23. Kf2 Rb8 24. b3 g6 25. a4 Nh5 26. g3 Rf6 27. Be2 Rc8 28. Rhc1 Rc3 29. f4 Rfc6 30. Bxh5 gxh5 31. Rd1 Rxc2+ 32. Ke1 Re6+ 33. Kf1 Re4 34. Kg1 Bxb3 35. Rd3 Bc4 36. Rdd1 Ree2 37. Rxd4 Rg2+ 0-1

[Event "Harburg-chI 13th"]
[Site "Hamburg"]
[Date "2018.08.05"]
[Round "5"]
[White "Lohmann, Tristan"]
[Black "Leonforte, Aurelius"]
[Result "0-1"]
[WhiteElo "949"]
[BlackElo "1032"]
[PlyCount "110"]
[EventDate "2018.08.03"]
[EventType "swiss"]
[EventRounds "5"]
[EventCountry "GER"]
[SourceTitle "EXT 2019"]
[Source "ChessBase"]
[SourceDate "2018.10.10"]
[SourceVersion "1"]
[SourceVersionDate "2018.10.10"]
[SourceQuality "1"]

1. e4 e6 2. Nc3 d5 3. exd5 exd5 4. d4 Nf6 5. Nf3 Bd6 6. Be3 0-0 7. Bd3 Re8 8. 0-0 Bg4 9. h3 Bh5 10. Be2 Nc6 11. Nd2 Bxe2 12. Qxe2 Nxd4 13. Qd1 Nc6 14. Nb3 Be5 15. Bd4 Nxd4 16. Nxd4 c5 17. Nf3 Bxc3 18. bxc3 Qa5 19. Qd2 Rad8 20. Rfe1 d4 21. Rxe8+ Rxe8 22. cxd4 Qxd2 23. Nxd2 cxd4 24. Rb1 b6 25. Kf1 Kf8 26. Re1 Rd8 27. Nb3 Ne8 28. Rd1 Rc8 29. Nxd4 Rc4 30. Rd2 Nf6 31. Ke2 Ne4 32. Rd3 Rc3 33. f3 Rxd3 34. Kxd3 Nc5+ 35. Kc3 f6 36. Nb3 Nd7 37. Nd4 Kf7 38. Nc6 a5 39. Nd4 Kg6 40. Kd3 Kh5 41. g3 g5 42. Ke3 Kg6 43. f4 h6 44. fxg5 hxg5 45. g4 Kf7 46. Ke4 Ke7 47. Nf5+ Ke6 48. Nd4+ Kd6 49. Nb5+ Kc5 50. Nd4 Kb4 51. Nf3 Ka3 52. h4 gxh4 53. Nxh4 Kxa2 54. Nf3 Kb2 55. c4 a4 0-1